000 00694cam a2200145 4500500
005 20251012031725.0
041 _afre
042 _adc
100 1 0 _aPiscini, Gianluca
_eauthor
245 0 0 _aAlbert Joosse et Angela Ulacco (dir.), Dealing with Disagreement. The Construction of Traditions in Later Ancient Philosophy, Monothéismes et Philosophie, 33, Turnhout, Brepols, 2022, 234 pages
260 _c2025.
500 _a99
786 0 _nRevue de philologie, de littérature et d'histoire anciennes | XCVII | 1 | 2025-02-03 | p. 170-177 | 0035-1652
856 4 1 _uhttps://shs.cairn.info/revue-de-philologie-litterature-et-histoire-anciennes-2023-1-page-170?lang=fr&redirect-ssocas=7080
999 _c1546361
_d1546361